[Event "GER-ch U25 op-A"]
[Site "Willingen"]
[Date "2024.05.23"]
[Round "7"]
[White "Hoffmann, Alexander4"]
[Black "Andresen, Marc"]
[Result "1/2-1/2"]
[WhiteElo "1901"]
[BlackElo "1879"]
[PlyCount "65"]
[EventDate "2024.05.19"]
[EventType "swiss"]
[EventRounds "9"]
[EventCountry "GER"]
[SourceTitle "EXT 2025"]
[Source "ChessBase"]
[SourceDate "2024.10.14"]
[SourceVersion "1"]
[SourceVersionDate "2024.10.14"]
[SourceQuality "1"]

1. c4 e6 2. e3 d5 3. Nf3 Nf6 4. Be2 Nbd7 5. 0-0 Bd6 6. d4 b6 7. Nc3 a6 8. a3 Bb7 9. b4 dxc4 10. Bxc4 0-0 11. Bb2 Nd5 12. Re1 N7f6 13. Bd3 Nxc3 14. Bxc3 c5 15. e4 cxd4 16. Bxd4 e5 17. Bxe5 Bxe5 18. Nxe5 Re8 19. f4 Qd4+ 20. Kh1 Nxe4 21. Bxe4 Qxd1 22. Raxd1 Bxe4 23. Rxe4 f6 24. Rd6 fxe5 25. fxe5 Rad8 26. Rxd8 Rxd8 27. Kg1 Rd3 28. Kf2 Rxa3 29. Rf4 Rc3 30. Ke2 a5 31. Kd2 axb4 32. Rxb4 Rc5 33. Rxb6 1/2-1/2

[Event "GER-ch U25 op-A"]
[Site "Willingen"]
[Date "2024.05.22"]
[Round "6"]
[White "Andresen, Marc"]
[Black "Stiehler, Daniel"]
[Result "1/2-1/2"]
[WhiteElo "1879"]
[BlackElo "1923"]
[PlyCount "58"]
[EventDate "2024.05.19"]
[EventType "swiss"]
[EventRounds "9"]
[EventCountry "GER"]
[SourceTitle "EXT 2025"]
[Source "ChessBase"]
[SourceDate "2024.10.14"]
[SourceVersion "1"]
[SourceVersionDate "2024.10.14"]
[SourceQuality "1"]

1. Nf3 Nf6 2. c4 g6 3. b4 d6 4. Bb2 Bg7 5. g3 0-0 6. Bg2 c6 7. 0-0 Nbd7 8. d3 e5 9. Nc3 Re8 10. Qc2 Nf8 11. a4 a5 12. b5 c5 13. e3 Rb8 14. Rfe1 b6 15. d4 exd4 16. exd4 Bf5 17. Qb3 Qc7 18. dxc5 dxc5 19. Rad1 Rxe1+ 20. Rxe1 Rd8 21. Qa2 Ne6 22. Qa1 Nd4 23. Nxd4 cxd4 24. Nd5 Nxd5 25. Bxd5 Qc5 26. Ba3 Qc8 27. Bb2 Qc5 28. Ba3 Qc8 29. Bb2 Qc5 1/2-1/2

[Event "GER-ch U25 op-A"]
[Site "Willingen"]
[Date "2024.05.21"]
[Round "4"]
[White "Berelowitsch, Dana"]
[Black "Andresen, Marc"]
[Result "1/2-1/2"]
[WhiteElo "1906"]
[BlackElo "1879"]
[PlyCount "78"]
[EventDate "2024.05.19"]
[EventType "swiss"]
[EventRounds "9"]
[EventCountry "GER"]
[SourceTitle "EXT 2025"]
[Source "ChessBase"]
[SourceDate "2024.10.14"]
[SourceVersion "1"]
[SourceVersionDate "2024.10.14"]
[SourceQuality "1"]

1. e4 c6 2. d4 d5 3. Nc3 dxe4 4. Nxe4 Nf6 5. Nxf6+ exf6 6. c3 Bd6 7. Be3 0-0 8. Qc2 Re8 9. Bd3 h5 10. Ne2 Nd7 11. 0-0-0 Nf8 12. Nf4 Bxf4 13. Bxf4 Be6 14. h3 b5 15. g4 h4 16. Rhg1 Qa5 17. g5 f5 18. Bxf5 Bxf5 19. Qxf5 Qxa2 20. Be5 Ng6 21. f4 b4 22. Qb1 Qxb1+ 23. Kxb1 bxc3 24. bxc3 Nxe5 25. fxe5 a5 26. Kc2 a4 27. Ra1 c5 28. Ra3 cxd4 29. cxd4 Rec8+ 30. Kd3 Rcb8 31. Rga1 Kh7 32. Ke4 Kg6 33. Rxa4 Rxa4 34. Rxa4 Kxg5 35. d5 f5+ 36. exf6 Kxf6 37. Ra6+ Ke7 38. Ra7+ Kd6 39. Rxg7 Rb4+ 1/2-1/2

[Event "GER-ch U25 op-A"]
[Site "Willingen"]
[Date "2024.05.19"]
[Round "1"]
[White "Andresen, Marc"]
[Black "Brockhoff, Moritz"]
[Result "0-1"]
[WhiteElo "1879"]
[BlackElo "2013"]
[PlyCount "72"]
[EventDate "2024.05.19"]
[EventType "swiss"]
[EventRounds "9"]
[EventCountry "GER"]
[SourceTitle "EXT 2025"]
[Source "ChessBase"]
[SourceDate "2024.10.14"]
[SourceVersion "1"]
[SourceVersionDate "2024.10.14"]
[SourceQuality "1"]

1. Nf3 d5 2. c4 d4 3. b4 f6 4. e3 e5 5. c5 a5 6. exd4 e4 7. Qe2 Qe7 8. Ng1 Nc6 9. Na3 Nxd4 10. Qc4 axb4 11. Qxd4 bxa3 12. d3 exd3+ 13. Be3 Nh6 14. Bxd3 Ng4 15. Rc1 Nxe3 16. fxe3 c6 17. Nf3 Ra5 18. 0-0 Rxc5 19. Rb1 Rd5 20. Qe4 Qxe4 21. Bxe4 Rd8 22. Nd4 Bc5 23. Nc2 0-0 24. Rb3 Rfe8 25. Bf5 Bxf5 26. Rxf5 Rd1+ 27. Rf1 Rd2 28. Rc1 b6 29. Kf1 Kf7 30. Nxa3 Rxa2 31. Nc4 b5 32. Nb2 Rxe3 33. Nd3 Be7 34. Rxc6 Rd2 35. Nc1 Rd1+ 36. Kf2 Rxc1 0-1

[Event "GER-ch Amateurs"]
[Site "Bad Wildungen"]
[Date "2024.??.??"]
[Round "4"]
[White "Andresen, Marc"]
[Black "Marcziter, Alex"]
[Result "0-1"]
[WhiteElo "1844"]
[BlackElo "2052"]
[PlyCount "56"]
[EventDate "2024.08.03"]
[EventType "swiss"]
[EventRounds "5"]
[EventCountry "GER"]
[SourceTitle "CBM 221 Extra"]
[Source "ChessBase"]
[SourceDate "2024.09.30"]
[SourceVersion "1"]
[SourceVersionDate "2024.09.30"]
[SourceQuality "1"]

1. e4 c5 2. Nf3 Nc6 3. d4 cxd4 4. Nxd4 Nf6 5. Nc3 e5 6. Nb3 Bb4 7. f3 Nxe4 8. fxe4 Qh4+ 9. Ke2 Bxc3 10. bxc3 d5 11. Qd3 Bg4+ 12. Kd2 dxe4 13. g3 Qf6 14. Qe3 0-0-0+ 15. Bd3 exd3 16. cxd3 Bf5 17. Nc5 b6 18. Ne4 Bxe4 19. Qxe4 Qf2+ 20. Kd1 Rxd3+ 21. Qxd3 Rd8 22. Qxd8+ Kxd8 23. Bd2 Qf3+ 24. Kc2 Qe4+ 25. Kb2 Na5 26. Rad1 Nc4+ 27. Kc1 Kc7 28. Rhe1 Qc6 0-1

[Event "GER-ch U25-A"]
[Site "Willingen"]
[Date "2023.05.30"]
[Round "4"]
[White "Eberhart, Erik"]
[Black "Andresen, Marc"]
[Result "1-0"]
[WhiteElo "1764"]
[BlackElo "1748"]
[PlyCount "73"]
[EventDate "2023.05.27"]
[EventType "swiss"]
[EventRounds "9"]
[EventCountry "GER"]
[SourceTitle "CBM 214 Extra"]
[Source "ChessBase"]
[SourceDate "2023.07.31"]
[SourceVersion "1"]
[SourceVersionDate "2023.07.31"]
[SourceQuality "1"]

1. e4 e5 2. f4 exf4 3. Nf3 Nf6 4. e5 Nh5 5. d4 d5 6. Be2 Bg4 7. 0-0 g5 8. Ne1 Bxe2 9. Qxe2 Ng7 10. Qb5+ Qd7 11. Qxb7 Qc6 12. Qc8+ Ke7 13. Qg4 Ne6 14. Nc3 Nd7 15. Nd3 Nb6 16. Nc5 h6 17. Nxe6 Qxe6 18. Qf3 Kd7 19. Kh1 Bb4 20. g3 Bxc3 21. bxc3 fxg3 22. Qxf7+ Qxf7 23. Rxf7+ Kc6 24. hxg3 Nc4 25. Rb1 Raf8 26. Rxf8 Rxf8 27. Kg2 a5 28. a4 Kd7 29. Rb5 Ke6 30. Rc5 Rf7 31. Rc6+ Kf5 32. Rxh6 Kg4 33. Rg6 Rf5 34. e6 Nd6 35. e7 Ne4 36. Rxg5+ Nxg5 37. Bxg5 1-0

[Event "DSOL 04 Liga Gr-A 1st"]
[Site "Playchess.com INT"]
[Date "2020.07.13"]
[Round "4.2"]
[White "Andresen, Marc"]
[Black "Kreuscher, Wolfgang"]
[Result "1/2-1/2"]
[WhiteElo "1756"]
[BlackElo "1926"]
[PlyCount "70"]
[EventDate "2020.06.22"]
[EventType "team-tourn (rapid)"]
[EventCountry "GER"]
[SourceTitle "EXT 2021"]
[Source "ChessBase"]
[SourceDate "2020.10.23"]
[SourceVersion "1"]
[SourceVersionDate "2020.10.23"]
[SourceQuality "1"]
[WhiteTeam "Falkensee Caissa"]
[BlackTeam "Ostertal"]
[WhiteTeamCountry "GER"]
[BlackTeamCountry "GER"]

1. e4 c5 2. c3 Nf6 3. e5 Nd5 4. d4 cxd4 5. Nf3 d6 6. exd6 Qxd6 7. Nxd4 Nc6 8. Na3 a6 9. Nc4 Qc7 10. Be2 e6 11. 0-0 Be7 12. Bf3 Nxd4 13. Qxd4 Bf6 14. Qd3 0-0 15. Bxd5 exd5 16. Ne3 d4 17. cxd4 Rd8 18. Nc2 g6 19. Qc3 Qd6 20. Be3 Bf5 21. Rac1 Rac8 22. Qd2 Bxc2 23. Rxc2 Rxc2 24. Qxc2 Bxd4 25. Rd1 Qf6 26. Bxd4 Rxd4 27. Rxd4 Qxd4 28. Kf1 Kg7 29. h3 h5 30. Ke2 Kf6 31. Qb3 Qe4+ 32. Kf1 Qb1+ 33. Ke2 Qe4+ 34. Kf1 Qb1+ 35. Ke2 Qe4+ 1/2-1/2

[Event "DSOL 04 Liga Gr-A 1st"]
[Site "Playchess.com INT"]
[Date "2020.07.10"]
[Round "3.2"]
[White "Kuever, Bastian"]
[Black "Andresen, Marc"]
[Result "1-0"]
[WhiteElo "1351"]
[BlackElo "1756"]
[PlyCount "85"]
[EventDate "2020.06.22"]
[EventType "team-tourn (rapid)"]
[EventCountry "GER"]
[SourceTitle "EXT 2021"]
[Source "ChessBase"]
[SourceDate "2020.10.23"]
[SourceVersion "1"]
[SourceVersionDate "2020.10.23"]
[SourceQuality "1"]
[WhiteTeam "Ludwigshafen II"]
[BlackTeam "Falkensee Caissa"]
[WhiteTeamCountry "GER"]
[BlackTeamCountry "GER"]

1. e4 c5 2. Nf3 Nc6 3. Bb5 e6 4. Bxc6 bxc6 5. 0-0 d5 6. d3 Ne7 7. Nbd2 Ng6 8. a4 Be7 9. b3 0-0 10. Bb2 Qc7 11. Qe2 Re8 12. h3 a5 13. Rac1 Ba6 14. Rfe1 Rab8 15. g3 h6 16. Kg2 Rbd8 17. Nh2 e5 18. Qh5 Qb7 19. Ng4 c4 20. dxc4 dxc4 21. Nf3 Bb4 22. Re3 Bc5 23. Ree1 Bd4 24. Bxd4 exd4 25. Qxa5 c5 26. Qxc5 cxb3 27. cxb3 Rxe4 28. Rxe4 Qxe4 29. Qb6 Qa8 30. Rc7 Be2 31. Qb7 Qxb7 32. Rxb7 Bxf3+ 33. Kxf3 d3 34. Ne3 d2 35. Ke2 Ne5 36. Nd1 g5 37. b4 f5 38. a5 f4 39. g4 f3+ 40. Ke3 Nc4+ 41. Kxf3 Re8 42. a6 Re1 43. a7 1-0

[Event "GER-ch U25-B"]
[Site "Willingen"]
[Date "2019.06.09"]
[Round "1"]
[White "Andresen, Marc"]
[Black "Paqarizi, Endrit"]
[Result "1-0"]
[WhiteElo "1428"]
[BlackElo "1414"]
[PlyCount "73"]
[EventDate "2019.06.08"]
[EventType "swiss"]
[EventRounds "9"]
[EventCountry "GER"]
[SourceTitle "CBM 191 Extra"]
[Source "ChessBase"]
[SourceDate "2019.09.30"]
[SourceVersion "1"]
[SourceVersionDate "2019.09.30"]
[SourceQuality "1"]

1. e4 c5 2. Nc3 e6 3. g3 Nc6 4. Bg2 Qc7 5. f4 g6 6. Nf3 Nge7 7. d3 Bg7 8. 0-0 b6 9. Be3 Bb7 10. Qd2 Nd4 11. Ne5 0-0 12. a4 a6 13. Nf3 d5 14. Nh4 dxe4 15. dxe4 Rad8 16. Qf2 Nc8 17. e5 Bxg2 18. Qxg2 Rd7 19. Ne4 Rfd8 20. Nf3 Ne7 21. g4 Nec6 22. Rf2 Nxf3+ 23. Rxf3 Rd1+ 24. Rxd1 Rxd1+ 25. Rf1 Qd8 26. Nd6 Rxf1+ 27. Kxf1 Nd4 28. Bxd4 cxd4 29. Qb7 Qf8 30. Qxb6 f6 31. Qb3 fxe5 32. Qxe6+ Kh8 33. Nf7+ Kg8 34. Nxe5+ Kh8 35. Ke2 Qxf4 36. Nf7+ Kg8 37. Nh6+ 1-0

[Event "JBLN Ost 1819"]
[Site "Germany"]
[Date "2018.12.01"]
[Round "4.3"]
[White "Andresen, Marc"]
[Black "Sondermann, Jonathan"]
[Result "0-1"]
[WhiteElo "1428"]
[BlackElo "1757"]
[PlyCount "106"]
[EventDate "2018.09.29"]
[EventType "team-tourn"]
[EventRounds "9"]
[EventCountry "GER"]
[SourceTitle "CBM 189 Extra"]
[Source "ChessBase"]
[SourceDate "2019.05.31"]
[SourceVersion "1"]
[SourceVersionDate "2019.05.31"]
[SourceQuality "1"]
[WhiteTeam "Falkensee Caissa"]
[BlackTeam "Borussia Lichtenberg"]
[WhiteTeamCountry "GER"]
[BlackTeamCountry "GER"]

1. Nf3 c5 2. g3 g6 3. Bg2 Bg7 4. 0-0 Nf6 5. c4 0-0 6. Nc3 Nc6 7. d4 cxd4 8. Nxd4 Qb6 9. Nc2 d6 10. Rb1 Bf5 11. h3 Bxc2 12. Qxc2 Rac8 13. e4 Nd7 14. Be3 Qa6 15. Qa4 Qxa4 16. Nxa4 Nb4 17. a3 Nc2 18. Bxa7 Rxc4 19. Nb6 Nxb6 20. Bxb6 Rc6 21. Ba5 Ra8 22. Bc3 Bxc3 23. bxc3 Rxc3 24. Rxb7 Kf8 25. Rc1 Raxa3 26. Rb2 Nd4 27. Rxc3 Rxc3 28. h4 Nf3+ 29. Bxf3 Rxf3 30. Kg2 Rc3 31. Rb8+ Kg7 32. g4 h5 33. gxh5 gxh5 34. Re8 e6 35. Rd8 Rd3 36. f3 d5 37. exd5 Rxd5 38. Rc8 Kf6 39. Kg3 Rf5 40. Rc4 Ke7 41. Rd4 e5 42. Re4 Ke6 43. f4 Rxf4 44. Rxf4 exf4+ 45. Kxf4 f5 46. Ke3 Ke5 47. Kf3 f4 48. Ke2 Ke4 49. Kf2 f3 50. Kf1 Kf4 51. Kf2 Kg4 52. Kf1 Kxh4 53. Kf2 Kg4 0-1